[Event "Corr"]
[Site "?"]
[Date "2003.03.30"]
[Round "?"]
[White "Knap Jerzy"]
[Black "Abdala Hilda Noemi"]
[Result "1/2-1/2"]
[WhiteElo "2084"]
[BlackElo "2179"]
[PlyCount "80"]
[EventDate "2003.??.??"]
[Source "www.chesslib.no"]
[SourceDate "2004.05.04"]

1. d4 Nf6 2. c4 e6 3. Nc3 d5 4. Bg5 Be7 5. e3 O-O 6. Nf3 Nbd7 7. Rc1 c6 8. Bd3 dxc4 9. Bxc4 Nd5 10. Bxe7 Qxe7 11. O-O Nxc3 12. Rxc3 e5 13. dxe5 Nxe5 14. Nxe5 Qxe5 15. Qb3 Qe7 16. Rd1 Bf5 17. Qa3 Qxa3 18. Rxa3 a6 19. Rc3 Rad8 20. Rcc1 Rfe8 21. Kf1 Kf8 22. Ke2 Ke7 23. f3 Be6 24. Rxd8 Bxc4+ 25. Rxc4 Rxd8 26. f4 f5 27. e4 Ke6 28. e5 g5 29. g3 gxf4 30. gxf4 a5 31. Ra4 b6 32. Ke3 c5 33. Ra3 c4 34. Rc3 b5 35. a4 Rb8 36. axb5 Rxb5 37. Rxc4 Rxb2 38. Rc6+ Kd5 39. Rd6+ Kc5 40. Ra6 Ra2 1/2-1/2

[Event "CM.2000.0.00121"]
[Site "?"]
[Date "2000.??.??"]
[Round "?"]
[White "Lannaioli Alfonsino"]
[Black "Busch Karl"]
[Result "1/2-1/2"]
[WhiteElo "1935"]
[BlackElo "2325"]
[PlyCount "33"]
[EventDate "2000.??.??"]
[Source "www.chesslib.no"]
[SourceDate "2004.05.04"]

1. d4 Nf6 2. c4 e6 3. Nc3 d5 4. Bg5 Be7 5. Nf3 O-O 6. e3 Nbd7 7. Rc1 c6 8. Bd3 dxc4 9. Bxc4 Nd5 10. Bxe7 Qxe7 11. O-O Nxc3 12. Rxc3 e5 13. dxe5 Nxe5 14. Nxe5 Qxe5 15. f4 Qf5 16. Qd4 Qd7 17. Rd1 1/2-1/2

[Event "Memorial V.Postovalov (open)"]
[Site "Cheliabinsk (Russia)"]
[Date "2008.01.08"]
[Round "8"]
[White "Matsenko Elena (RUS)"]
[Black "Matsenko Vadim (RUS)"]
[Result "1-0"]
[WhiteElo "2060"]
[BlackElo "2175"]
[PlyCount "47"]
[EventDate "2008.??.??"]
[Source "www.chesslib.no"]
[SourceDate "2004.05.04"]

1. d4 d5 2. c4 e6 3. Nc3 Nf6 4. Nf3 Nbd7 5. Bg5 Be7 6. e3 c6 7. Rc1 O-O 8. Bd3 dxc4 9. Bxc4 Nd5 10. Bxe7 Qxe7 11. O-O Nxc3 12. Rxc3 e5 13. dxe5 Nxe5 14. Nxe5 Qxe5 15. f4 Qe7 16. f5 Rd8 17. f6 Rxd1 18. fxe7 Rxf1+ 19. Bxf1 Bf5 20. e4 Bg6 21. Rd3 Re8 22. Rd8 f6 23. Bc4+ Kh8 24. Be6 1-0

[Event "Bayernliga 2004/05"]
[Site "?"]
[Date "2004.11.28"]
[Round "3.2"]
[White "Hitzler Philipp"]
[Black "Stickler Roberto"]
[Result "1/2-1/2"]
[WhiteElo "2089"]
[BlackElo "2141"]
[PlyCount "117"]
[EventDate "2004.??.??"]
[Source "www.chesslib.no"]
[SourceDate "2004.05.04"]

1. d4 d5 2. c4 e6 3. Nc3 Nf6 4. Bg5 Be7 5. e3 Nbd7 6. Nf3 O-O 7. Rc1 c6 8. Bd3 dxc4 9. Bxc4 Nd5 10. Bxe7 Qxe7 11. O-O Nxc3 12. Rxc3 e5 13. dxe5 Nxe5 14. Nxe5 Qxe5 15. Bb3 Bf5 16. Qh5 Qf6 17. Qf3 Qg6 18. Re1 Be4 19. Qg3 Rfd8 20. f3 Qxg3 21. hxg3 Bd5 22. Kf2 Bxb3 23. Rxb3 Rd7 24. Ra3 Kf8 25. g4 h6 26. Re2 a6 27. Rb3 Ke7 28. Rc2 Rad8 29. Kg3 Kd6 30. Rd3+ Kc7 31. Rxd7+ Rxd7 32. Kf4 b6 33. e4 c5 34. g5 hxg5+ 35. Kxg5 Kd8 36. f4 Ke7 37. g4 Rd4 38. Re2 c4 39. f5 b5 40. a3 a5 41. e5 Rd5 42. e6 b4 43. axb4 axb4 44. Kf4 Rd4+ 45. Kf3 c3 46. g5 Rd3+ 47. Kf2 Rd5 48. f6+ gxf6 49. gxf6+ Ke8 50. bxc3 bxc3 51. exf7+ Kxf7 52. Re7+ Kxf6 53. Rc7 Rd3 54. Ke2 Rh3 55. Kd1 Ke5 56. Rc4 Kd5 57. Rg4 Rh2 58. Kc1 Kc5 59. Rf4 1/2-1/2

[Event "Corr"]
[Site "?"]
[Date "2001.07.30"]
[Round "?"]
[White "Krzyzanowski Patryk"]
[Black "Muller Henry"]
[Result "1/2-1/2"]
[WhiteElo "2110"]
[BlackElo "2114"]
[PlyCount "119"]
[EventDate "2001.??.??"]
[Source "www.chesslib.no"]
[SourceDate "2004.05.04"]

1. d4 Nf6 2. c4 e6 3. Nc3 d5 4. Bg5 Be7 5. e3 O-O 6. Nf3 Nbd7 7. Rc1 c6 8. Bd3 dxc4 9. Bxc4 Nd5 10. Bxe7 Qxe7 11. O-O Nxc3 12. Rxc3 e5 13. dxe5 Nxe5 14. Nxe5 Qxe5 15. f4 Qe4 16. Qe2 Bf5 17. Bd3 Qd5 18. e4 Qd4+ 19. Qf2 Qxf2+ 20. Kxf2 Bd7 21. Bc4 Rfe8 22. Kf3 Rad8 23. f5 Bc8 24. Rd3 Rxd3+ 25. Bxd3 c5 26. g4 b6 27. Rd1 Rd8 28. Bc2 Rxd1 29. Bxd1 Kf8 30. e5 Ke7 31. Kf4 Ba6 32. Bf3 Bc4 33. b3 Bd3 34. g5 Bb1 35. a3 Bc2 36. f6+ gxf6 37. gxf6+ Kf8 38. Bd5 b5 39. Ke3 a5 40. Kd2 Bf5 41. b4 axb4 42. axb4 cxb4 43. Bc6 Be6 44. Bxb5 Kg8 45. Kd3 Bb3 46. Bc4 Bd1 47. Bd5 b3 48. Kc3 Bg4 49. Kxb3 Kf8 50. Kc4 Be2+ 51. Kd4 Bg4 52. Be4 h6 53. Ke3 Be6 54. Kf4 Kg8 55. Ke3 Kf8 56. Bc2 Kg8 57. Kf3 Bc4 58. Be4 Be6 59. Kf4 Bc4 60. Bc2 1/2-1/2

[Event "Petermaennchen op 1st"]
[Site "Schwerin"]
[Date "1997.??.??"]
[Round "?"]
[White "Doeppner, Tilo"]
[Black "Bartels, Holger"]
[Result "1-0"]
[WhiteElo "2065"]
[BlackElo "2150"]
[PlyCount "49"]
[EventDate "1997.??.??"]
[Source "www.chesslib.no"]
[SourceDate "2004.05.04"]

1. d4 d5 2. c4 e6 3. Nc3 Nf6 4. Bg5 Be7 5. e3 O-O 6. Nf3 Nbd7 7. Rc1 c6 8. Bd3 dxc4 9. Bxc4 Nd5 10. Bxe7 Qxe7 11. O-O Nxc3 12. Rxc3 e5 13. Nxe5 Nxe5 14. dxe5 Qxe5 15. f4 Qe7 16. f5 b5 17. Bb3 b4 18. f6 gxf6 19. Rxc6 Qxe3+ 20. Kh1 Bb7 21. Rcxf6 Qg5 22. Qe2 Rac8 23. R6f5 Qh6 24. Rxf7 Rxf7 25. Rxf7 1-0

[Event "Murcia-ch 18th"]
[Site "?"]
[Date "2003.04.26"]
[Round "7"]
[White "Lopez Rodriguez Antonio"]
[Black "Hostalet Ferrer Pedro Enrique"]
[Result "1/2-1/2"]
[WhiteElo "2126"]
[BlackElo "2085"]
[PlyCount "30"]
[EventDate "2003.??.??"]
[Source "www.chesslib.no"]
[SourceDate "2004.05.04"]

1. d4 d5 2. c4 e6 3. Nc3 Nf6 4. Bg5 Be7 5. Nf3 O-O 6. e3 Nbd7 7. Rc1 c6 8. Bd3 dxc4 9. Bxc4 Nd5 10. Bxe7 Qxe7 11. O-O Nxc3 12. Rxc3 e5 13. dxe5 Nxe5 14. Nxe5 Qxe5 15. Qc2 Be6 1/2-1/2

[Event "PHI-ch (Women)"]
[Site "Quezon City"]
[Date "2001.04.11"]
[Round "10"]
[White "Mendoza, Beverly"]
[Black "Lomibao, Joy Sherrie"]
[Result "1/2-1/2"]
[WhiteElo "2162"]
[BlackElo "2041"]
[PlyCount "48"]
[EventDate "2001.04.02"]
[Source "ChessBase"]
[SourceDate "2001.05.06"]

1. d4 Nf6 2. c4 e6 3. Nc3 d5 4. Bg5 Be7 5. e3 O-O 6. Rc1 c6 7. Bd3 dxc4 8. Bxc4 Nd5 9. Bxe7 Qxe7 10. Nf3 Nd7 11. O-O Nxc3 12. Rxc3 e5 13. Nxe5 Nxe5 14. dxe5 Qxe5 15. f4 Qe4 16. Qe2 Qg6 17. e4 Be6 18. Rg3 Bxc4 19. Qxc4 Qe6 20. Qc3 f6 21. Qb3 Qxb3 22. Rxb3 b6 23. Rd3 Rfe8 24. Re1 Rad8 1/2-1/2

[Event "AUS Ch"]
[Site "Gosford"]
[Date "1987.12.30"]
[Round "3.12"]
[White "Davis, Colin J"]
[Black "Shaw, Terrey I"]
[Result "1/2-1/2"]
[WhiteElo "2006"]
[BlackElo "2191"]
[PlyCount "47"]
[EventDate "1987.??.??"]
[Source "www.chesslib.no"]
[SourceDate "2004.05.04"]

1. d4 d5 2. c4 e6 3. Nc3 Nf6 4. Bg5 Be7 5. Nf3 Ne4 6. Bxe7 Qxe7 7. Rc1 c6 8. e3 Nd7 9. Bd3 Nxc3 10. Rxc3 dxc4 11. Bxc4 e5 12. dxe5 Nxe5 13. Nxe5 Qxe5 14. O-O O-O 15. f4 Qe4 16. Bb3 Bf5 17. Qh5 g6 18. Qh6 Rad8 19. Bc2 Qe6 20. e4 Bg4 21. Rg3 Kh8 22. Bb3 Qxe4 23. Rxg4 Qe3+ 24. Rf2 1/2-1/2

[Event "IV Veterans"]
[Site "Calvia ESP"]
[Date "2007.10.16"]
[Round "2"]
[White "Ruiz, JH."]
[Black "Garcia Moreno, J."]
[Result "1-0"]
[WhiteElo "2222"]
[BlackElo "1975"]
[PlyCount "47"]
[EventDate "2007.10.15"]
[Source "www.chesslib.no"]
[SourceDate "2004.05.04"]

1. d4 d5 2. c4 e6 3. Nc3 Nf6 4. Bg5 Nbd7 5. e3 Be7 6. Nf3 c6 7. Rc1 O-O 8. Bd3 dxc4 9. Bxc4 Nd5 10. Bxe7 Qxe7 11. O-O Nxc3 12. Rxc3 e5 13. dxe5 Nxe5 14. Nxe5 Qxe5 15. f4 Qe7 16. f5 Rd8 17. f6 gxf6 18. Qh5 Be6 19. Bd3 f5 20. Bxf5 Bxf5 21. Rxf5 Rd2 22. e4 Rad8 23. Rg3+ Kh8 24. Qxh7+ 1-0

[Event "Hessen-chB "]
[Site "Frankfurt"]
[Date "2000.04.17"]
[Round "6"]
[White "Kreiling, Carsten"]
[Black "Goeke, Bernd"]
[Result "1/2-1/2"]
[WhiteElo "2133"]
[BlackElo "2052"]
[PlyCount "81"]
[EventDate "2000.??.??"]
[Source "www.chesslib.no"]
[SourceDate "2004.05.04"]

1. d4 Nf6 2. c4 e6 3. Nf3 d5 4. Nc3 Be7 5. Bg5 O-O 6. e3 Nbd7 7. Rc1 c6 8. Bd3 dxc4 9. Bxc4 Nd5 10. Bxe7 Qxe7 11. O-O Nxc3 12. Rxc3 e5 13. dxe5 Nxe5 14. Nxe5 Qxe5 15. f4 Qe4 16. Bb3 Bf5 17. Qh5 g6 18. Qh6 Rad8 19. Bc2 Qxc2 20. Rxc2 Bxc2 21. h4 Rd5 22. f5 Bxf5 23. Qf4 h5 24. e4 Rd4 25. Qc7 Bxe4 26. Qxb7 Bd5 27. Qxa7 Rxh4 28. Re1 Rg4 29. Re2 Bc4 30. Re3 Rd8 31. Qc7 Rd1+ 32. Kh2 Rd2 33. Rg3 Rh4+ 34. Kg1 Re4 35. Qxc6 Re1+ 36. Kh2 Be6 37. Ra3 Ree2 38. Ra8+ Kh7 39. Qc7 Rxg2+ 40. Kh1 Rh2+ 41. Kg1 1/2-1/2

[Event "DDR-ch (Women)"]
[Site "Eilenburg"]
[Date "1984.??.??"]
[Round "3"]
[White "Broeder, Iris"]
[Black "Nuenchert, Eveline"]
[Result "1/2-1/2"]
[WhiteElo "2130"]
[BlackElo "2045"]
[PlyCount "36"]
[EventDate "1984.02.??"]
[Source "ChessBase"]

1. d4 d5 2. c4 e6 3. Nc3 Nf6 4. Bg5 Be7 5. Nf3 O-O 6. e3 Nbd7 7. Rc1 c6 8. Bd3 dxc4 9. Bxc4 Nd5 10. Bxe7 Qxe7 11. O-O Nxc3 12. Rxc3 e5 13. Nxe5 Nxe5 14. dxe5 Qxe5 15. f4 Qf6 16. e4 Be6 17. e5 Qe7 18. Bd3 f5 1/2-1/2

[Event "Essen"]
[Site "?"]
[Date "2005.08.23"]
[Round "4.29"]
[White "Kuehler Wolfgang"]
[Black "Budt Karl Heinz"]
[Result "1/2-1/2"]
[WhiteElo "2025"]
[BlackElo "2148"]
[PlyCount "68"]
[EventDate "2005.??.??"]
[Source "www.chesslib.no"]
[SourceDate "2004.05.04"]

1. d4 Nf6 2. c4 e6 3. Nc3 d5 4. Bg5 Nbd7 5. e3 Be7 6. Nf3 O-O 7. Rc1 c6 8. Bd3 dxc4 9. Bxc4 Nd5 10. Bxe7 Qxe7 11. O-O Nxc3 12. Rxc3 e5 13. dxe5 Nxe5 14. Nxe5 Qxe5 15. f4 Qe4 16. Re1 Qe7 17. Qc2 Rd8 18. Rd3 Be6 19. Bxe6 Qxe6 20. Red1 Rxd3 21. Qxd3 Re8 22. b3 g6 23. Kf2 c5 24. Qc3 b6 25. Rd3 h5 26. Qd2 c4 27. Rd6 Qe4 28. Rd4 Qe7 29. Rxc4 Rd8 30. Qc3 Qh4+ 31. Kf3 Qg4+ 32. Kf2 Qh4+ 33. Kf3 Qg4+ 34. Kf2 Qh4+ 1/2-1/2

[Event "Bayernliga 2002/03_R2"]
[Site "?"]
[Date "2002.11.17"]
[Round "2.2"]
[White "Komljenovic Luka"]
[Black "Hittinger Christian"]
[Result "1/2-1/2"]
[WhiteElo "2174"]
[BlackElo "1991"]
[PlyCount "70"]
[EventDate "2002.??.??"]
[Source "www.chesslib.no"]
[SourceDate "2004.05.04"]

1. d4 Nf6 2. c4 e6 3. Nf3 d5 4. Nc3 Be7 5. Bg5 O-O 6. e3 Nbd7 7. Rc1 c6 8. Bd3 dxc4 9. Bxc4 Nd5 10. Bxe7 Qxe7 11. O-O Nxc3 12. Rxc3 e5 13. dxe5 Nxe5 14. Nxe5 Qxe5 15. f4 Qf6 16. e4 Rd8 17. Qh5 g6 18. Qh6 Be6 19. Bxe6 fxe6 20. e5 Qe7 21. h4 Qf8 22. Qg5 Qf5 23. Qe7 Qf7 24. Qg5 Qf5 25. Qe7 Qf7 26. Qb4 Rd5 27. Rg3 Rad8 28. h5 Rd4 29. Qb3 Rxf4 30. Rxf4 Qxf4 31. Qxe6+ Qf7 32. Qg4 Qxa2 33. hxg6 h6 34. Rh3 Qd5 35. Qf5 Rf8 1/2-1/2

[Event "Oberliga NN9900"]
[Site "MVP"]
[Date "2000.??.??"]
[Round "?"]
[White "Gottschalk, Jens"]
[Black "Heroiu, Alexandru"]
[Result "1-0"]
[WhiteElo "2108"]
[BlackElo "2054"]
[PlyCount "52"]
[EventDate "1999.??.??"]
[Source "www.chesslib.no"]
[SourceDate "2004.05.04"]

1. d4 Nf6 2. c4 e6 3. Nc3 d5 4. Bg5 Be7 5. e3 O-O 6. Nf3 c6 7. Rc1 Nbd7 8. Bd3 dxc4 9. Bxc4 Nd5 10. Bxe7 Qxe7 11. O-O Nxc3 12. Rxc3 e5 13. dxe5 Nxe5 14. Nxe5 Qxe5 15. f4 Qe7 16. f5 Qf6 17. Rd3 b5 18. Bb3 Bb7 19. Rd6 Qg5 20. f6 c5 21. Qd2 g6 22. Bd5 Rab8 23. Bxb7 Rxb7 24. Rd5 Qg4 25. e4 Kh8 26. Qh6 Rg8 1-0

[Event "EU-ch U18 Girls"]
[Site "Peniscola"]
[Date "2002.10.08"]
[Round "9"]
[White "Roelli, Corinne"]
[Black "Bensdorp, Marlies"]
[Result "0-1"]
[WhiteElo "2039"]
[BlackElo "2117"]
[PlyCount "72"]
[EventDate "2002.09.29"]
[Source "ChessBase"]
[SourceDate "2002.11.06"]

1. d4 d5 2. c4 c6 3. Nc3 Nf6 4. Nf3 e6 5. Bg5 Be7 6. e3 Nbd7 7. Rc1 O-O 8. Bd3 dxc4 9. Bxc4 Nd5 10. Bxe7 Qxe7 11. O-O Nxc3 12. Rxc3 e5 13. dxe5 Nxe5 14. Nxe5 Qxe5 15. f4 Qe7 16. Qc2 Re8 17. Re1 g6 18. e4 Be6 19. Bd3 Rad8 20. Re2 Qf6 21. Qc1 Qd4+ 22. Rf2 f5 23. e5 Rd7 24. h3 Red8 25. b3 Kf7 26. Be2 Qb6 27. Kf1 Rd2 28. Rc2 Qe3 29. Rxd2 Rxd2 30. Qe1 Rxa2 31. Rf3 Qd4 32. Bd1 Bd5 33. Rg3 Ra1 34. Ke2 Qxf4 35. Re3 Ra2+ 36. Kd3 Be4+ 0-1

[Event "Kreuzberg 2000"]
[Site "Berlin"]
[Date "2000.07.23"]
[Round "2"]
[White "Hein, Erwin"]
[Black "Keskowski, Thilo"]
[Result "1/2-1/2"]
[WhiteElo "1973"]
[BlackElo "2172"]
[PlyCount "84"]
[EventDate "2000.07.??"]
[Source "www.chesslib.no"]
[SourceDate "2004.05.04"]

1. Nf3 d5 2. d4 Nf6 3. c4 e6 4. Nc3 Be7 5. Bg5 Nbd7 6. e3 c6 7. Rc1 O-O 8. Bd3 dxc4 9. Bxc4 Nd5 10. Bxe7 Qxe7 11. O-O Nxc3 12. Rxc3 e5 13. dxe5 Nxe5 14. Nxe5 Qxe5 15. f4 Qe4 16. Qf3 Qxf3 17. gxf3 Rd8 18. Bb3 Bh3 19. Rd1 Rxd1+ 20. Bxd1 Rd8 21. Bc2 Kf8 22. Rd3 Ke7 23. Kf2 Rxd3 24. Bxd3 Be6 25. Bb1 Kd6 26. f5 Bd7 27. e4 f6 28. Ke3 c5 29. f4 b5 30. a3 a5 31. Bc2 a4 32. Bb1 Be8 33. Ba2 g6 34. fxg6 hxg6 35. h4 Ke7 36. Bd5 Kd6 37. Bg8 b4 38. Bc4 Ke7 39. Kd3 Kd6 40. Bg8 Bb5+ 41. Ke3 Ke7 42. Bd5 Be8 1/2-1/2

[Event "Regionalliga SO 9495"]
[Site "Bayern"]
[Date "1994.??.??"]
[Round "2"]
[White "Koenig, Bernhard"]
[Black "Richter, Martin"]
[Result "0-1"]
[WhiteElo "1950"]
[BlackElo "2195"]
[PlyCount "72"]
[EventDate "1994.10.??"]
[Source "www.chesslib.no"]
[SourceDate "2004.05.04"]

1. d4 Nf6 2. c4 e6 3. Nc3 d5 4. Bg5 Be7 5. Nf3 Nbd7 6. e3 O-O 7. Rc1 c6 8. Bd3 dxc4 9. Bxc4 Nd5 10. Bxe7 Qxe7 11. O-O Nxc3 12. Rxc3 e5 13. dxe5 Nxe5 14. Nxe5 Qxe5 15. f4 Qf6 16. e4 Be6 17. e5 Qd8 18. Bxe6 fxe6 19. Qg4 Qd4+ 20. Rf2 Rf5 21. Rc1 Rd8 22. Re1 Kh8 23. h4 g6 24. g3 Rd5 25. Qe2 Rf8 26. Qe3 Qa4 27. b3 Qa5 28. Kh2 Rfd8 29. Ree2 Rd3 30. Qc1 R8d4 31. f5 gxf5 32. Qh6 Qd8 33. Qxe6 Rxh4+ 34. Kg2 Rxg3+ 35. Kxg3 Qg5+ 36. Kf3 Rh3# 0-1

[Event "XXI WJun women"]
[Site "?"]
[Date "2004.11.30"]
[Round "13"]
[White "Brekke Jorunn Marie"]
[Black "Mijovic Aleksandra"]
[Result "1-0"]
[WhiteElo "1988"]
[BlackElo "2152"]
[PlyCount "119"]
[EventDate "2004.??.??"]
[Source "www.chesslib.no"]
[SourceDate "2004.05.04"]

1. d4 d5 2. c4 e6 3. Nc3 Nf6 4. Nf3 Be7 5. Bg5 O-O 6. e3 Nbd7 7. Rc1 c6 8. Bd3 dxc4 9. Bxc4 Nd5 10. Bxe7 Qxe7 11. O-O Nxc3 12. Rxc3 e5 13. Nxe5 Nxe5 14. dxe5 Qxe5 15. Qb3 b5 16. Bd3 Bd7 17. Qc2 h6 18. Be4 Rac8 19. Rc5 Qf6 20. Rc1 Rfd8 21. b3 g6 22. h3 a5 23. a4 Kg7 24. Qc3 Qxc3 25. R1xc3 Be6 26. Rd3 Rxd3 27. Bxd3 b4 28. Bc2 Kf6 29. Rxa5 c5 30. Rb5 c4 31. Rxb4 cxb3 32. Bxb3 Rc1+ 33. Kh2 Bxb3 34. Rxb3 Ra1 35. Rb4 h5 36. Kg3 g5 37. Rb6+ Kf5 38. Rb5+ Kg6 39. a5 f6 40. f4 h4+ 41. Kg4 Ra4 42. g3 hxg3 43. Kxg3 gxf4+ 44. exf4 Ra1 45. Kg4 Rg1+ 46. Kh4 Ra1 47. f5+ Kh6 48. Kg4 Ra4+ 49. Kf3 Kg5 50. Ke3 Rh4 51. Kd3 Rxh3+ 52. Kc4 Rh4+ 53. Kc5 Kxf5 54. Kb6+ Kg6 55. a6 f5 56. a7 Rh8 57. Ka6 Kg5 58. Rb8 Rh1 59. a8=Q Ra1+ 60. Kb5 1-0

[Event "It (Open) Graz AUT"]
[Site "?"]
[Date "2005.09.04"]
[Round "2"]
[White "Deutschmann Robert Peter"]
[Black "Kopinits Anna Christina"]
[Result "0-1"]
[WhiteElo "2038"]
[BlackElo "2095"]
[PlyCount "68"]
[EventDate "2005.??.??"]
[Source "www.chesslib.no"]
[SourceDate "2004.05.04"]

1. Nf3 d5 2. d4 Nf6 3. c4 e6 4. Nc3 Be7 5. Bg5 O-O 6. e3 c6 7. Rc1 Nbd7 8. Bd3 dxc4 9. Bxc4 Nd5 10. Bxe7 Qxe7 11. O-O Nxc3 12. Rxc3 e5 13. dxe5 Nxe5 14. Nxe5 Qxe5 15. f4 Qe7 16. f5 Kh8 17. Bb3 b6 18. Rf4 Qe5 19. Qd3 Qf6 20. g4 Bb7 21. Rd4 c5 22. Rd7 Rad8 23. Rc2 Bc6 24. Rxd8 Rxd8 25. Qe2 h5 26. Rc1 Qe5 27. Bc2 Qxb2 28. Rd1 Rxd1+ 29. Qxd1 Qf6 30. Ba4 b5 31. Bb3 c4 32. Bc2 Qg5 33. h3 Qxe3+ 34. Kh2 Qf2# 0-1

[Event "BdF"]
[Site "?"]
[Date "1997.??.??"]
[Round "5"]
[White "Suess Robert"]
[Black "Fritsch Wolfgang"]
[Result "0-1"]
[WhiteElo "2140"]
[BlackElo "1987"]
[PlyCount "68"]
[EventDate "1997.??.??"]
[Source "www.chesslib.no"]
[SourceDate "2004.05.04"]

1. d4 Nf6 2. c4 e6 3. Nc3 d5 4. Bg5 Be7 5. e3 O-O 6. Nf3 Nbd7 7. Rc1 c6 8. Bd3 dxc4 9. Bxc4 Nd5 10. Bxe7 Qxe7 11. O-O Nxc3 12. Rxc3 e5 13. dxe5 Nxe5 14. Nxe5 Qxe5 15. f4 Qe4 16. Bb3 Bf5 17. Qh5 g6 18. Qh4 Rad8 19. Bc2 Qd5 20. Rd1 Qxd1+ 21. Bxd1 Rxd1+ 22. Kf2 Rd2+ 23. Kg3 Re8 24. Qf6 Re6 25. Qh4 g5 26. Qh5 Rxb2 27. a3 Be4 28. fxg5 Rxg2+ 29. Kf4 Bd5 30. Rc5 b6 31. Rxd5 cxd5 32. Qd1 Re4+ 33. Kf3 Rxg5 34. Qc1 Rge5 0-1

[Event "12sen.LSEM Sachsen/Anhalt"]
[Site "?"]
[Date "2004.06.18"]
[Round "7"]
[White "Hobusch Werner"]
[Black "Packroff Hermann"]
[Result "1/2-1/2"]
[WhiteElo "2003"]
[BlackElo "2105"]
[PlyCount "46"]
[EventDate "2004.??.??"]
[Source "www.chesslib.no"]
[SourceDate "2004.05.04"]

1. d4 d5 2. c4 e6 3. Nc3 Nf6 4. Bg5 Be7 5. e3 O-O 6. Nf3 Nbd7 7. Bd3 c6 8. O-O dxc4 9. Bxc4 Nd5 10. Bxe7 Qxe7 11. Rc1 Nxc3 12. Rxc3 e5 13. Nxe5 Nxe5 14. dxe5 Qxe5 15. Qc2 Bf5 16. Bd3 Bxd3 17. Rxd3 Rad8 18. Rfd1 Qe7 19. g3 Rxd3 20. Qxd3 Qc5 21. Qd4 Qa5 22. a3 h6 23. Qd2 Qb6 1/2-1/2

[Event "ETCC Plovdiv 2003"]
[Site "?"]
[Date "2003.10.20"]
[Round "9.15"]
[White "Sirletti Sonia"]
[Black "Roelli Corinne"]
[Result "1/2-1/2"]
[WhiteElo "2071"]
[BlackElo "2017"]
[PlyCount "48"]
[EventDate "2003.??.??"]
[Source "www.chesslib.no"]
[SourceDate "2004.05.04"]

1. d4 d5 2. c4 e6 3. Nc3 Nf6 4. Bg5 Be7 5. e3 c6 6. Nf3 Nbd7 7. Rc1 O-O 8. Bd3 dxc4 9. Bxc4 Nd5 10. Bxe7 Qxe7 11. O-O Nxc3 12. Rxc3 e5 13. Nxe5 Nxe5 14. dxe5 Qxe5 15. f4 Qe4 16. Bb3 Qg6 17. Bc2 Bf5 18. Bxf5 Qxf5 19. Qd3 Qe6 20. Qc4 Qxc4 21. Rxc4 Rad8 22. Rc2 Rd3 23. Kf2 Rfd8 24. Re1 Rd2+ 1/2-1/2

[Event "Corr"]
[Site "?"]
[Date "1999.06.03"]
[Round "?"]
[White "Agrain Francois"]
[Black "Panchenko Yurij"]
[Result "1/2-1/2"]
[WhiteElo "2026"]
[BlackElo "2045"]
[PlyCount "75"]
[EventDate "1999.??.??"]
[Source "www.chesslib.no"]
[SourceDate "2004.05.04"]

1. d4 Nf6 2. c4 e6 3. Nf3 Bb4+ 4. Bd2 Be7 5. Bg5 d5 6. e3 O-O 7. Nc3 Nbd7 8. Rc1 c6 9. Bd3 dxc4 10. Bxc4 Nd5 11. Bxe7 Qxe7 12. O-O Nxc3 13. Rxc3 e5 14. dxe5 Nxe5 15. Nxe5 Qxe5 16. f4 Qe4 17. Qe2 Rd8 18. h3 Bf5 19. g4 Be6 20. Bd3 Qb4 21. Bb1 Qe7 22. f5 Bd5 23. f6 Qe5 24. Qf2 Be6 25. fxg7 Rd5 26. a3 Rad8 27. Qf4 Qxg7 28. Be4 Rg5 29. Rd3 Rf8 30. Rf3 h5 31. Rd6 hxg4 32. Rg3 Re8 33. h4 Re5 34. Rxe6 R5xe6 35. Bf5 Qxb2 36. Rxg4+ Kf8 37. Bxe6 Rxe6 38. Qb8+ 1/2-1/2

[Event "Rh.Wiedenbrück(12.08.-18.08)"]
[Site "?"]
[Date "2001.08.13"]
[Round "2.2"]
[White "Lange Siegfried[28Rahlst"]
[Black "Both Gerhard"]
[Result "0-1"]
[WhiteElo "2100"]
[BlackElo "1952"]
[PlyCount "116"]
[EventDate "2001.??.??"]
[Source "www.chesslib.no"]
[SourceDate "2004.05.04"]

1. d4 d5 2. c4 e6 3. Nc3 Be7 4. Nf3 Nf6 5. Bg5 O-O 6. e3 Nbd7 7. Bd3 c6 8. O-O dxc4 9. Bxc4 Nd5 10. Bxe7 Qxe7 11. Rc1 Nxc3 12. Rxc3 e5 13. dxe5 Nxe5 14. Nxe5 Qxe5 15. f4 Qe4 16. Bb3 Bf5 17. g4 Rad8 18. Qe2 Bc8 19. f5 Rfe8 20. Bc2 Qb4 21. Bb3 Qe4 22. h3 c5 23. f6 Be6 24. Bc2 Qe5 25. fxg7 Qg3+ 26. Qg2 Qxg2+ 27. Kxg2 Rd2+ 28. Rf2 Bd5+ 29. Kg3 Rxf2 30. Kxf2 b6 31. e4 Bxe4 32. Re3 Bc6 33. Ra3 Re7 34. Bf5 Kxg7 35. Kg3 h6 36. Kf4 f6 37. h4 a5 38. g5 fxg5+ 39. hxg5 hxg5+ 40. Kxg5 Re2 41. Rh3 Rg2+ 42. Kh4 Kf6 43. Bc8 Rxb2 44. Re3 Rb4+ 45. Kg3 Bd5 46. Re2 Ra4 47. Rf2+ Ke7 48. Rd2 Rd4 49. Rb2 Kd8 50. Bg4 Kc7 51. Re2 Re4 52. Rd2 Kc6 53. Bh5 b5 54. Bg6 Re6 55. Bf5 Re3+ 56. Kf4 Ra3 57. Ke5 Re3+ 58. Kf4 Re1 0-1

[Event "EU-ch02 blind "]
[Site "Krynica"]
[Date "1999.??.??"]
[Round "1"]
[White "Heinich, Manfred"]
[Black "Dalschaert, Didier"]
[Result "1-0"]
[WhiteElo "2180"]
[BlackElo "1855"]
[PlyCount "71"]
[EventDate "1999.07.04"]
[Source "www.chesslib.no"]
[SourceDate "2004.05.04"]

1. d4 d5 2. c4 e6 3. Nf3 Nf6 4. Nc3 Be7 5. Bg5 Nbd7 6. e3 O-O 7. Rc1 c6 8. Bd3 dxc4 9. Bxc4 Nd5 10. Bxe7 Qxe7 11. O-O Nxc3 12. Rxc3 e5 13. dxe5 Nxe5 14. Nxe5 Qxe5 15. f4 Qe4 16. Qe2 Bf5 17. Bd3 Qe6 18. e4 Rfe8 19. Re1 Qd6 20. Qf2 Qe7 21. Bb1 a6 22. Rce3 Be6 23. f5 Bd7 24. e5 Qc5 25. e6 fxe6 26. fxe6 Rf8 27. Qh4 Bxe6 28. Qxh7+ Kf7 29. Qg6+ Ke7 30. Qxe6+ Kd8 31. Rd1+ Kc7 32. Qe7+ Kb6 33. Qxc5+ Kxc5 34. Re7 Rad8 35. Red7 Rde8 36. Rxg7 1-0

[Event "Knjaz Milos Jezero Open"]
[Site "?"]
[Date "2004.08.22"]
[Round "6"]
[White "Lovric Robert"]
[Black "Dimitrijevic Radmilo"]
[Result "1-0"]
[WhiteElo "2090"]
[BlackElo "1919"]
[PlyCount "71"]
[EventDate "2004.??.??"]
[Source "www.chesslib.no"]
[SourceDate "2004.05.04"]

1. d4 d5 2. c4 e6 3. Nc3 Be7 4. Nf3 Nf6 5. Bg5 O-O 6. e3 Nbd7 7. Rc1 c6 8. Bd3 dxc4 9. Bxc4 Nd5 10. Bxe7 Qxe7 11. O-O Nxc3 12. Rxc3 e5 13. dxe5 Nxe5 14. Nxe5 Qxe5 15. Qb3 Qg5 16. e4 Qe7 17. a4 Qxe4 18. Re3 Qg6 19. Re7 h6 20. Rfe1 b5 21. Bxf7+ Rxf7 22. Rxf7 Be6 23. Rxg7+ Kxg7 24. Qxe6 Qxe6 25. Rxe6 bxa4 26. Rxc6 Rb8 27. Rc7+ Kg6 28. Rxa7 Rxb2 29. g3 Ra2 30. Ra5 a3 31. Kg2 Ra1 32. f4 a2 33. Kh3 Kf6 34. Kg4 Ke6 35. Ra6+ Ke7 36. Kh5 1-0